| 000 | 00325nam a22001217a 4500 | ||
|---|---|---|---|
| 005 | 20180529122246.0 | ||
| 008 | 180529b xxu||||| |||| 00| 0 eng d | ||
| 041 | _aeng | ||
| 100 |
_aQAMAR, PROF FURQAN AND SHARMA, PROF P.B. _94313 |
||
| 245 | _aAIU'S VIEW ON THE NEW NATIONAL POLICY ON EDUCATION | ||
| 300 | _a72P, | ||
| 942 | _cBK | ||
| 999 |
_c5698 _d5696 |
||